| 000 | 00715cab a2200229 4500 | ||
|---|---|---|---|
| 001 | WB3519-49 | ||
| 008 | 090401t1999 xxu||||| |||| 00| 0 eng d | ||
| 035 | _a(Sirsi) u93439 | ||
| 041 | _aeng | ||
| 245 | _aMystery wrapped by office walls | ||
| 260 | _c1999 | ||
| 350 | _a0 | ||
| 490 |
_aFinancial Times _v18 May 1999, 18(2) |
||
| 520 | _aDiscusses strategies for dealing with the effects of sick building syndrome, emphasising that there is no one standard solution to the problem. | ||
| 650 | _aHEALTH HAZARDS | ||
| 650 | _aOFFICE BUILDINGS | ||
| 650 | _aSICK BUILDING SYNDROME | ||
| 650 | _aWORKING ENVIRONMENT | ||
| 690 | _aOFFICE SERVICES AND ADMINISTRATION | ||
| 942 | _n0 | ||
| 948 | _c19/05/1999 | ||
| 999 |
_c59216 _d59216 |
||